000 01288nmc a2200457 a 4500
003 AR-BaBNM
005 20251128204245.0
008 225019s1983 ||||||||||||||000 | spa||
020 _a84-297-2028-6
040 _cAR-BaBNM
245 1 0 _aEl pensamiento criminológico
_bestado y control
_n2
250 _a1ª ed.
260 _aBarcelona
_bEdiciones Península
_c1983
300 0 _a268 p.
_bcuadros, gráfs.
490 0 _aHomo sociologicus
_vv. 29
504 _aBibliografía al final de cada capítulo
650 4 _aCRIMINOLOGIA
650 4 _aCRIMINALES
650 4 _aAPLICACION DE LA LEY
650 4 _aDELINCUENCIA
650 4 _aCASTIGO
650 4 _aDELITOS
650 4 _aDERECHO PENAL
650 4 _aSIGLO VEINTE
650 4 _aRESPONSABILIDAD DEL ESTADO
650 4 _aSEGURIDAD DEL ESTADO
650 4 _aPROTECCION SOCIAL
650 4 _aHISTORIA POLITICA
650 4 _aMUJERES
650 4 _aPROBLEMAS SOCIALES
700 1 _aBergalli, Roberto
700 1 _aBustos Ramírez, Juan
700 1 _aGonzález Zorrilla, Carlos
700 1 _aMiralles, Teresa
700 1 _aSola Dueñas, Angel de
700 1 _aViladàs Jené, Carles
700 1 _aBustos Ramírez, Juan
_edirector
800 1 _aGiner, Salvador
_edirector
942 _cBK
998 _cEthel
999 _c6741
_d6741